Guess The Country By Emoji - Statistics

General Stats
  • This quiz has been taken 2,067 times
  • The average score is 10 of 15
Answer Stats
Hint Answer % Correct
๐Ÿˆ๐Ÿ•๐Ÿ—ฝ United States Of America
97%
๐ŸฅŸ๐Ÿผ๐Ÿฅ‹ China
94%
๐Ÿ”๐ŸŒธโ›ฉ Japan
92%
๐Ÿ’‹๐Ÿฅ–๐Ÿ—ผ France
91%
๐Ÿโ›„๏ธ๐Ÿป Canada
83%
๐ŸŒฎ๐ŸŽ‰๐ŸŽบ Mexico
80%
๐Ÿบโšฝ๏ธ๐ŸŒฒ Germany
75%
๐Ÿจ๐Ÿ๐Ÿ„โ€โ™‚๏ธ Australia
74%
๐Ÿซ–๐ŸŽพ๐Ÿ’‚โ€โ™€๏ธ Great Britain
71%
๐Ÿ…๐Ÿ›บ๐Ÿฎ India
63%
๐Ÿฆƒ Turkey
62%
๐Ÿฉธโšฐ๏ธ๐Ÿง›โ€โ™‚๏ธ (Region In Romania) Transylvania
52%
๐Ÿช๐Ÿง•๐Ÿ’ฐ United Arab Emirates
44%
๐Ÿฅ‚๐Ÿ’ฐ๐ŸŽ Monaco
36%
๐ŸŽ…โ„๏ธ๐ŸŽ (Not a Country) The South Pole
16%
No matching quizzes found
Score Distribution
Percent of People with Each Score
Percentile by Number Answered
Your Score History
You have not taken this quiz